[Event "17th BCC Open 2018"]
[Site "Bangkok THA"]
[Date "2017.04.09"]
[Round "2.17"]
[White "Liu,Yan"]
[Black "Chin,F"]
[Result "1-0"]
[WhiteElo "2414"]
[BlackElo "2115"]

1.d4 d5 2.c4 e6 3.Nf3 c6 4.e3 Nd7 5.Bd3 Ngf6 6.Nbd2 Bd6 7.e4 dxe4 8.Nxe4 Nxe4
9.Bxe4 Nf6 10.Bc2 Qa5+ 11.Bd2 Bb4 12.O-O Bxd2 13.Nxd2 Qh5 14.Nf3 Bd7 15.Re1
O-O 16.Qd2 Qh6 17.Qxh6 gxh6 18.Ne5 Rfd8 19.Rad1 Be8 20.Re3 b5 21.c5 a5 22.Rh3
h5 23.Rdd3 Kf8 24.Rh4 Ke7 25.Bd1 Rd5 26.Bf3 Rad8 27.Bxd5 Rxd5 28.h3 Rd8 29.Rf3
{#r} 1-0

[Event "17th BCC Open 2018"]
[Site "Bangkok THA"]
[Date "2017.04.09"]
[Round "2.18"]
[White "Khumnorkaew,Tupfah"]
[Black "Mu Ke"]
[Result "0-1"]
[WhiteElo "2113"]
[BlackElo "2408"]

1.d4 Nf6 2.c4 e6 3.Nc3 d5 4.e3 c6 5.Nf3 Nbd7 6.Bd2 Bd6 7.Bd3 dxc4 8.Bxc4 b5
9.Bd3 Bb7 10.O-O O-O 11.Re1 a6 12.Rc1 c5 13.dxc5 Nxc5 14.Bf1 b4 15.Na4 Bxf3
16.gxf3 Nxa4 17.Qxa4 Bxh2+ 18.Kxh2 Qxd2 19.Qc2 Qd5 20.Bg2 a5 21.Red1 Qe5+
22.Kg1 Rad8 23.Rxd8 Rxd8 24.Qc7 Qxc7 25.Rxc7 g6 26.Ra7 Rd5 27.Bf1 Rg5+ 28.Kh2
Rc5 29.Kg2 h5 30.Ra8+ Kg7 31.Ra7 Nd5 32.a4 Rc2 33.Kg1 Rxb2 34.Rxa5 Nc3 35.Ra7
b3 36.Rb7 Nxa4 37.Kg2 Rb1 38.Bd3 Nc5 39.Rxf7+ Kxf7 40.Bxb1 b2 {#R} 0-1

[Event "17th BCC Open 2018"]
[Site "Bangkok THA"]
[Date "2017.04.09"]
[Round "2.19"]
[White "Dale,Ari"]
[Black "Halpin,P"]
[Result "1-0"]
[WhiteElo "2402"]
[BlackElo "2109"]

1.d4 f5 2.Bg5 g6 3.e3 Nh6 4.h4 Nf7 5.Bd3 d5 6.Nf3 Bg7 7.c4 Be6 8.cxd5 Bxd5
9.Nc3 Nc6 10.Rc1 h6 11.Bf4 Bxf3 12.gxf3 e5 13.dxe5 Nfxe5 14.Be2 O-O 15.Qb3+
Kh7 16.Rd1 Qe7 17.Bxe5 Nxe5 18.f4 Ng4 19.h5 g5 20.Qc2 Kh8 21.Nd5 Qf7 22.Bc4 b5
23.Bb3 c5 24.Qxc5 Qb7 25.Qe7 Qc6 26.fxg5 hxg5 27.h6 Bxb2 28.Qxg5 Rg8 29.Qh5
Rae8 30.Qxf5 Ref8 31.h7 {#r} 1-0

[Event "17th BCC Open 2018"]
[Site "Bangkok THA"]
[Date "2017.04.09"]
[Round "2.20"]
[White "Langer,C1"]
[Black "Venkatesh,M"]
[Result "0-1"]
[WhiteElo "2104"]
[BlackElo "2396"]

1.g3 e5 2.Bg2 d5 3.c4 d4 4.d3 Nc6 5.Nf3 Bb4+ 6.Bd2 a5 7.O-O Nge7 8.Na3 O-O
9.Nc2 Bd6 10.a3 a4 11.Rb1 Na5 12.Bb4 Ng6 13.Nd2 Kh8 14.Ne1 Nc6 15.Bxd6 Qxd6
16.Nef3 f5 17.Rc1 Bd7 18.Ra1 Ra7 19.Qc2 Qe7 20.Rfb1 Na5 21.Re1 c5 22.e3 dxe3
23.fxe3 Nc6 24.Nf1 Qd6 25.Rad1 f4 26.d4 cxd4 27.exd4 exd4 28.Qe4 Bg4 29.N1d2
Ra5 30.Rc1 Bf5 31.Qe2 fxg3 32.Ne4 Bxe4 33.Qxe4 gxh2+ 34.Nxh2 Nf4 35.c5 Rxc5
36.Rxc5 Qxc5 37.Rf1 Ne2+ {#R} 0-1

[Event "17th BCC Open 2018"]
[Site "Bangkok THA"]
[Date "2017.04.09"]
[Round "2.21"]
[White "Li,Yankai"]
[Black "Armstrong,M"]
[Result "1-0"]
[WhiteElo "2392"]
[BlackElo "2100"]

1.e4 c6 2.Nc3 d5 3.Nf3 dxe4 4.Nxe4 Nf6 5.Qe2 Bg4 6.Nxf6+ gxf6 7.h3 Bxf3 8.Qxf3
Qd5 9.Be2 Qxf3 10.Bxf3 e6 11.d4 Bd6 12.O-O Nd7 13.c4 O-O-O 14.c5 Bc7 15.Rd1
Nb8 16.b4 Na6 17.Rb1 Rd7 18.b5 Nb8 19.a4 Rhd8 20.Bb2 f5 21.Bc3 a6 22.g3 Rg8
23.Kf1 Bd8 24.Rb3 axb5 25.axb5 cxb5 26.Rxb5 Nc6 27.Ra1 Rc7 28.Bxc6 bxc6
29.Ra8+ Kd7 30.Rbb8 {#r} 1-0

[Event "17th BCC Open 2018"]
[Site "Bangkok THA"]
[Date "2017.04.09"]
[Round "2.25"]
[White "Andyka,Pitra"]
[Black "Chitlange,Sakshi"]
[Result "1-0"]
[WhiteElo "2373"]
[BlackElo "2090"]

1.e4 c6 2.d4 d5 3.f3 e6 4.Nc3 Bb4 5.Bf4 dxe4 6.fxe4 Nf6 7.Qd3 Qa5 8.Bd2 e5
9.dxe5 Qxe5 10.Nf3 Qe7 11.O-O-O O-O 12.e5 Ng4 13.Ng5 g6 14.Qh3 h5 15.Qg3 Qxe5
16.Bf4 h4 17.Qf3 Qa5 18.Bc4 Bf5 19.Nce4 Kg7 20.a3 Be7 21.Bd2 Qc7 22.Bc3+ Kg8
23.Kb1 Nd7 24.Qh3 Bxe4 25.Qxg4 Ne5 26.Qxe4 Bxg5 27.Bxe5 {#r} 1-0

[Event "17th BCC Open 2018"]
[Site "Bangkok THA"]
[Date "2017.04.09"]
[Round "2.28"]
[White "Tarigan,Gilbert Elroy"]
[Black "Bellon Lopez,JuM"]
[Result "1-0"]
[WhiteElo "2066"]
[BlackElo "2342"]

1.d4 Nf6 2.c4 c5 3.d5 d6 4.Nc3 e5 5.e4 Be7 6.g3 O-O 7.Bg2 a6 8.a4 Ne8 9.Nge2
Nd7 10.O-O g6 11.Be3 Ng7 12.Qd2 Rb8 13.h3 Kh8 14.Kh2 f5 15.f4 Bf6 16.Ra2 Qe7
17.Bg1 exf4 18.Nxf4 Ne5 19.b3 Bd7 20.a5 b5 21.axb6 Rxb6 22.Ra3 Rfb8 23.Qc2 Bc8
24.exf5 Bxf5 25.Ne4 Re8 26.g4 Nxc4 27.Qxc4 Rb4 28.Nxf6 Rxc4 29.bxc4 Qxf6
30.gxf5 Nxf5 31.Ne6 Qb2 32.Raf3 a5 33.Bf2 Qa2 34.Rf4 Rb8 35.Be1 Kg8 36.R1f2
Qa1 37.Re2 a4 38.Be4 Rb2 39.Bd2 Qa2 40.Rff2 Qxc4 41.Bxf5 a3 42.Bd3 {#r} 1-0

[Event "17th BCC Open 2018"]
[Site "Bangkok THA"]
[Date "2017.04.09"]
[Round "2.32"]
[White "Bernales,C"]
[Black "Xu,Yining"]
[Result "0-1"]
[WhiteElo "2051"]
[BlackElo "2293"]

1.e4 d6 2.d4 g6 3.Nc3 Nf6 4.f4 Bg7 5.Nf3 O-O 6.Bd3 Na6 7.O-O c5 8.e5 Nd7 9.Ne4
cxd4 10.exd6 Ndc5 11.dxe7 Qxe7 12.Re1 Nxe4 13.Bxe4 Qd8 14.Bd2 Qb6 15.Rb1 Be6
16.b3 Nc5 17.Kh1 Nxe4 18.Rxe4 Bd5 19.Re1 Qc6 20.Rc1 Rfe8 21.Rg1 Re7 22.Bb4
Bxf3 23.Qxf3 Qxf3 24.gxf3 Rc7 25.Rg2 a5 26.Bd6 Rc3 27.Be5 Bxe5 28.fxe5 d3
29.Kg1 Rac8 30.Kf1 Kf8 31.Ke1 Ke7 32.Rd2 Rxc2 33.Rcd1 Rxd2 34.Rxd2 Rc1+ 35.Kf2
Rc2 36.Ke3 Rxd2 37.Kxd2 Ke6 38.f4 Kf5 39.Kxd3 Kxf4 40.Kd4 g5 {#R} 0-1

[Event "17th BCC Open 2018"]
[Site "Bangkok THA"]
[Date "2017.04.09"]
[Round "2.34"]
[White "Peretz,Leon"]
[Black "Xu,Minghui"]
[Result "0-1"]
[WhiteElo "1977"]
[BlackElo "2283"]

1.d4 Nf6 2.Nf3 g6 3.Bf4 Bg7 4.Nc3 d5 5.Qd2 h5 6.Ne5 c6 7.f3 Nbd7 8.O-O-O Nxe5
9.dxe5 Nd7 10.e4 d4 11.Qxd4 Qa5 12.Bc4 O-O 13.Bb3 Nxe5 14.Qf2 Be6 15.Bxe6 fxe6
16.Bd2 Nc4 17.e5 Qb4 {#R} 0-1

[Event "17th BCC Open 2018"]
[Site "Bangkok THA"]
[Date "2017.04.09"]
[Round "2.35"]
[White "Miciano,John Marvin"]
[Black "Ma,Lin"]
[Result "1-0"]
[WhiteElo "2267"]
[BlackElo "2034"]

1.e4 c5 2.Nf3 d6 3.d4 cxd4 4.Nxd4 Nf6 5.Nc3 a6 6.g3 e5 7.Nde2 Be7 8.Bg2 O-O
9.a4 Be6 10.h3 Nc6 11.Nd5 Bxd5 12.exd5 Na5 13.Qd3 Qc7 14.b3 Rac8 15.Bd2 e4
16.Qd4 Bd8 17.Bc3 Re8 18.Qd2 Qb6 19.Bd4 Qc7 20.Nc3 Nh5 21.O-O Bf6 22.Nxe4 Bxd4
23.Qxd4 f5 24.Nd2 Qxc2 25.b4 Nb3 26.Nxb3 Qxb3 27.Rfb1 Qc4 28.Qxc4 Rxc4 29.a5
Nf6 30.b5 Rc5 31.bxa6 bxa6 32.Rb6 Nxd5 33.Rxa6 Rd8 34.Rc6 Kf8 35.Rxc5 dxc5
36.Rd1 {#r} 1-0

[Event "TV2 GM Open 2017"]
[Site "Fagernes NOR"]
[Date "2017.04.09"]
[Round "1.1"]
[White "Postny,E"]
[Black "Ranaldi,Lucas"]
[Result "1-0"]
[WhiteElo "2606"]
[BlackElo "2309"]

1.d4 Nf6 2.c4 e6 3.Nf3 b6 4.g3 Ba6 5.Qc2 Bb7 6.Bg2 c5 7.d5 exd5 8.cxd5 Nxd5
9.O-O Qc8 10.Rd1 Be7 11.a3 O-O 12.Qe4 Nc3 13.Qxe7 Nxd1 14.Qd6 Nxf2 15.Kxf2 Qc6
16.Bf4 Qb5 17.Qd2 Nc6 18.Nc3 Qa6 19.Nd5 Rac8 20.Bd6 Rfd8 21.Qg5 h6 22.Nf6+ Kh8
23.Qf5 gxf6 24.Qxf6+ Kg8 25.Ne5 Nxe5 26.Bxe5 Kf8 27.Qxh6+ Ke8 28.Bd6 {#r} 1-0

[Event "TV2 GM Open 2017"]
[Site "Fagernes NOR"]
[Date "2017.04.09"]
[Round "1.4"]
[White "Hobber,A"]
[Black "Blomqvist,E"]
[Result "0-1"]
[WhiteElo "2297"]
[BlackElo "2548"]

1.d4 d5 2.Nf3 Nf6 3.e3 Bg4 4.c4 c6 5.Qb3 Qb6 6.Ne5 Bf5 7.Bd3 Bxd3 8.Qxd3 e6
9.O-O Be7 10.Nc3 O-O 11.e4 Rd8 12.exd5 exd5 13.Re1 dxc4 14.Qxc4 Nd5 15.Nxf7
Kxf7 16.Rxe7+ Kxe7 17.Bg5+ Kf8 18.Re1 Na6 19.Bxd8 Rxd8 {#R} 0-1

[Event "TV2 GM Open 2017"]
[Site "Fagernes NOR"]
[Date "2017.04.09"]
[Round "1.7"]
[White "Liang,Awonder"]
[Black "Risting,Eivind Olav"]
[Result "1-0"]
[WhiteElo "2483"]
[BlackElo "2250"]

1.e4 c6 2.Nc3 d5 3.Nf3 Nf6 4.e5 Ne4 5.Ne2 Qb6 6.d4 e6 7.Ng3 c5 8.Bd3 cxd4
9.Nxe4 dxe4 10.Bxe4 Nc6 11.O-O Bc5 12.a3 a5 13.Qd2 h6 14.Qf4 Bd7 15.Bd2 a4
16.Rab1 Qd8 17.h4 O-O 18.Bd3 f5 19.exf6 Qxf6 20.Qe4 Qf5 21.Rbe1 Qxe4 22.Rxe4
Rf6 23.Rfe1 Kf7 24.R1e2 Re8 25.Bb5 Ra8 26.c3 dxc3 27.Bxc3 Rf5 28.Bxa4 Re8
29.Bc2 Bb6 30.Rg4 g6 31.Nd2 h5 32.Bxf5 hxg4 33.Bxg4 Nd4 34.Re4 Nf5 35.Nc4 Bc7
36.h5 Bc6 37.Re1 b5 38.Ne5+ Bxe5 39.Rxe5 Bd5 40.hxg6+ Kxg6 41.Bxf5+ {#r} 1-0

[Event "TV2 GM Open 2017"]
[Site "Fagernes NOR"]
[Date "2017.04.09"]
[Round "1.10"]
[White "Laverton,C"]
[Black "Christiansen,Johan-Sebastian"]
[Result "0-1"]
[WhiteElo "2159"]
[BlackElo "2429"]

1.d4 Nf6 2.c4 c5 3.d5 b5 4.cxb5 a6 5.e3 g6 6.Nc3 Bg7 7.Nf3 O-O 8.a4 Bb7 9.e4
e6 10.Be3 exd5 11.exd5 Re8 12.Bc4 axb5 13.axb5 Rxa1 14.Qxa1 d6 15.O-O Nbd7
16.Bf4 Nb6 17.Qa2 Ne4 18.Na4 Nxc4 19.Qxc4 f5 20.b3 g5 21.Bc1 Qa8 22.Bxg5 Bxd5
23.Qd3 Bf7 24.Qc2 Qa5 25.b6 Qb5 26.Rb1 d5 27.Bf4 d4 28.b7 Qxb7 29.Nxc5 Qb5
30.Nd3 Nc3 31.Rb2 Ne2+ {#R} 0-1

[Event "TV2 GM Open 2017"]
[Site "Fagernes NOR"]
[Date "2017.04.09"]
[Round "1.11"]
[White "Nihal,Sarin"]
[Black "Lillevold,F"]
[Result "1-0"]
[WhiteElo "2424"]
[BlackElo "2135"]

1.d4 d5 2.c4 e6 3.Nf3 Be7 4.Nc3 Nf6 5.Bf4 O-O 6.a3 c5 7.dxc5 Bxc5 8.e3 Nc6
9.b4 Be7 10.h3 Re8 11.Qc2 Bd6 12.Bxd6 Qxd6 13.Rd1 a5 14.c5 Qe7 15.Qb2 axb4
16.axb4 Rd8 17.Bb5 e5 18.O-O h6 19.Na4 e4 20.Nd4 Nxd4 21.Rxd4 Bd7 22.Bxd7 Nxd7
23.Qb3 Ra6 24.Nc3 Ne5 25.Rxd5 Rg6 26.Rxd8+ Qxd8 27.Nxe4 Qh4 28.Qd5 Nf3+ 29.Kh1
Rg4 30.Ng3 Ng5 31.Nf5 Qh5 32.Qd8+ Kh7 33.Ne7 Rxg2 34.Qg8# 1-0

[Event "TV2 GM Open 2017"]
[Site "Fagernes NOR"]
[Date "2017.04.09"]
[Round "1.12"]
[White "Dahl,Trygve"]
[Black "Wallace,JP"]
[Result "0-1"]
[WhiteElo "2099"]
[BlackElo "2404"]

1.e4 c5 2.Nf3 e6 3.d3 d5 4.Nbd2 Nc6 5.g3 Bd6 6.Bg2 Nge7 7.O-O O-O 8.Nh4 g5
9.Nhf3 Ng6 10.h3 d4 11.Nh2 Bd7 12.Nc4 Bc7 13.Qh5 f6 14.f4 gxf4 15.gxf4 f5
16.Bd2 Qh4 17.Qxh4 Nxh4 18.Bh1 b5 19.Na3 Rab8 20.Nf3 Ng6 21.e5 Nce7 22.Kh2 Nd5
23.Ng1 Bb6 24.Rae1 Nb4 25.Bxb4 cxb4 26.Nb1 Rbc8 27.Re2 Ne7 28.Bf3 Rc7 29.h4
Rfc8 30.Rg2+ Kf8 31.Nh3 h6 32.Rff2 Bc6 33.Bxc6 Rxc6 34.a3 a5 35.axb4 axb4
36.b3 Kf7 {#R} 0-1

[Event "TV2 GM Open 2017"]
[Site "Fagernes NOR"]
[Date "2017.04.09"]
[Round "1.13"]
[White "Eggleston,D"]
[Black "Aroven,M"]
[Result "1-0"]
[WhiteElo "2394"]
[BlackElo "2097"]

1.e4 c5 2.Nf3 Nc6 3.d4 cxd4 4.Nxd4 e5 5.Nb5 d6 6.N1c3 a6 7.Na3 b5 8.Nd5 Be7
9.c4 b4 10.Nc2 Rb8 11.b3 Nf6 12.Bd3 O-O 13.O-O a5 14.Nce3 Re8 15.Bb2 Nd7
16.Bc2 Nc5 17.Nf5 Bf8 18.f4 Ne6 19.Kh1 Rb7 20.Qf3 f6 21.Rad1 g6 22.fxe5 gxf5
23.Nxf6+ Kh8 24.exf5 Ned4 25.Bxd4 Nxd4 26.Rxd4 Rxe5 27.Nd5 Rf7 28.g4 Qh4
29.Qf2 Qh3 30.Qg2 Qh4 31.Re4 Rg7 32.Rg1 Qg5 33.Rxe5 dxe5 34.f6 Rf7 35.Qf2 Bb7
36.Rf1 Bh6 37.Qf5 Qxf5 38.Rxf5 Bc8 39.Rxe5 Bxg4 40.Be4 Bf8 41.Kg2 Bd6 42.Re8+
Rf8 43.Rxf8+ Bxf8 44.Ne7 Bd7 45.c5 {#r} 1-0

[Event "TV2 GM Open 2017"]
[Site "Fagernes NOR"]
[Date "2017.04.09"]
[Round "1.14"]
[White "Bentsen,H"]
[Black "Arvola,B"]
[Result "0-1"]
[WhiteElo "2074"]
[BlackElo "2385"]

1.e4 c6 2.d4 d5 3.Nc3 dxe4 4.Nxe4 Nf6 5.Nxf6+ gxf6 6.Nf3 Bg4 7.c3 Nd7 8.Be3 e6
9.Be2 Bd6 10.Qb3 Qc7 11.h3 Bh5 12.Ne5 Bxe2 13.Nxd7 Qxd7 14.Kxe2 O-O-O 15.Qa4
Bb8 16.f3 f5 17.g4 h5 18.Bg5 Rde8 19.Bf6 Rhg8 20.g5 e5 21.Kd2 exd4 22.cxd4
Bf4+ 23.Kc2 Re2+ 24.Kb1 Rge8 25.Qxa7 Qd5 26.Qa8+ Kc7 27.Be5+ R2xe5 {#R} 0-1

[Event "TV2 GM Open 2017"]
[Site "Fagernes NOR"]
[Date "2017.04.09"]
[Round "1.15"]
[White "Hedman,E"]
[Black "Kristiansen,W"]
[Result "1-0"]
[WhiteElo "2367"]
[BlackElo "2055"]

1.d4 d5 2.c4 e6 3.Nf3 Nf6 4.g3 Be7 5.Bg2 O-O 6.O-O dxc4 7.Qc2 a6 8.a4 Bd7
9.Qxc4 Bc6 10.Nc3 a5 11.Bf4 Na6 12.Rac1 Bd6 13.Bg5 h6 14.Bxf6 Qxf6 15.e4 Qd8
16.Rfd1 Re8 17.d5 exd5 18.Nxd5 Bxd5 19.Rxd5 c6 20.Rd2 Qc7 21.Rcd1 Rad8 22.Bh3
Nc5 23.e5 Bf8 24.Bf5 Rxd2 25.Rxd2 Rd8 26.Re2 Re8 27.h4 Ne6 28.h5 Qb6 29.Bb1
Bb4 30.Qe4 Nf8 31.Nd4 Qc5 32.Ba2 Rd8 33.Qf3 Qe7 34.Nf5 Qd7 35.Qg4 Ne6 36.Nxh6+
Kf8 37.Nxf7 Nd4 38.Re4 Qxg4 39.Rxg4 Ne2+ 40.Kf1 Rd2 41.Ng5 Rxb2 42.Ne6+ {#r}
1-0

[Event "TV2 GM Open 2017"]
[Site "Fagernes NOR"]
[Date "2017.04.09"]
[Round "1.16"]
[White "Ingebretsen,Jens E"]
[Black "Aradhya,Garg"]
[Result "0-1"]
[WhiteElo "2032"]
[BlackElo "2315"]

1.e4 e5 2.Nf3 Nc6 3.Bc4 Bc5 4.d3 Nf6 5.c3 O-O 6.O-O d6 7.a4 a5 8.Nbd2 Ne7
9.Re1 Ng6 10.Nf1 c6 11.d4 exd4 12.cxd4 Bb4 13.Bd2 Nxe4 14.Rxe4 d5 15.Bxd5 Qxd5
16.Qe1 Bd6 17.Ng3 Be6 18.Ne5 Rfd8 19.Bc3 Nxe5 20.dxe5 Bc5 21.Qc1 Qb3 22.Qg5 h6
23.Qh5 Bb4 24.Re3 Qc2 25.Ne4 Rd3 26.Re2 Rd1+ 27.Rxd1 Qxd1+ 28.Be1 Bxe1 29.h3
Bc4 30.Nf6+ Kh8 31.Re4 Qc1 32.Rxc4 Qxc4 33.Ng4 Qe6 34.f4 Qg6 {#R} 0-1

[Event "TV2 GM Open 2017"]
[Site "Fagernes NOR"]
[Date "2017.04.09"]
[Round "1.17"]
[White "Westerinen,H"]
[Black "Gronnestad,A"]
[Result "1-0"]
[WhiteElo "2314"]
[BlackElo "1966"]

1.e4 c5 2.Nf3 Nc6 3.Bb5 g6 4.O-O Bg7 5.Re1 e5 6.b4 cxb4 7.a3 Nge7 8.axb4 O-O
9.c3 d6 10.h3 Qc7 11.Ba3 Bd7 12.Bf1 a6 13.d3 Rfd8 14.Nbd2 d5 15.Qb3 Be8
16.Rac1 Rac8 17.Bb2 Qb8 18.Rcd1 h6 19.c4 dxe4 20.dxe4 Kh7 21.c5 a5 22.b5 Nd4
23.Nxd4 exd4 24.Ba3 Ng8 25.Nc4 Bf8 26.Nd6 Bxd6 27.cxd6 Rc3 28.Qa4 Qa7 29.Bb2
Rcc8 30.Bxd4 b6 31.Ba1 f6 32.e5 Rc5 33.e6 {#r} 1-0

[Event "3rd Ordu Open 2017"]
[Site "Ordu TUR"]
[Date "2017.04.09"]
[Round "9.4"]
[White "Klekowski,M"]
[Black "Jojua,D"]
[Result "0-1"]
[WhiteElo "2467"]
[BlackElo "2587"]

1.d4 Nf6 2.c4 g6 3.Nc3 Bg7 4.e4 d6 5.Be2 O-O 6.Nf3 Nbd7 7.O-O e5 8.Be3 c6 9.d5
c5 10.Ne1 Ne8 11.a3 f5 12.f3 f4 13.Bf2 g5 14.b4 b6 15.Nd3 Rf6 16.Rb1 Rg6
17.Nb5 h5 18.bxc5 bxc5 19.Kh1 Kh7 20.Rb3 Nb6 21.Nc1 g4 22.g3 fxg3 23.hxg3 Nf6
24.Qd3 gxf3 25.Bxf3 Bh6 26.Ne2 Ng4 27.Kg2 h4 28.Rh1 a6 29.Nbc3 h3+ 30.Kf1 Ra7
31.Nd1 Rf7 32.Ke1 Rgf6 33.Bxg4 Bxg4 34.Rh2 Rf3 35.Qc2 Rxb3 36.Qxb3 Rf3 37.Ndc3
Rd3 38.Kf1 Nd7 39.Qb1 Rf3 40.Qe1 Qf6 41.Kg1 Rd3 42.Qb1 Qf3 43.Be1 Be3+ 44.Bf2
Rxc3 45.Nxc3 Qxg3+ 46.Kf1 Qxh2 47.Bxe3 Qg2+ {#R} 0-1

[Event "3rd Ordu Open 2017"]
[Site "Ordu TUR"]
[Date "2017.04.09"]
[Round "9.6"]
[White "Shanava,K"]
[Black "Radovanovic,Nik"]
[Result "1-0"]
[WhiteElo "2519"]
[BlackElo "2416"]

1.e4 c5 2.Nf3 e6 3.d4 cxd4 4.Nxd4 Nf6 5.Nc3 d6 6.Bd3 Nc6 7.Nb3 Be7 8.O-O O-O
9.Be3 a6 10.Kh1 b5 11.f4 Bb7 12.Qf3 Nb4 13.a3 Nxd3 14.cxd3 Nd7 15.Nd4 Rc8
16.Qh3 Nc5 17.Rad1 Bf6 18.f5 e5 19.Nf3 Na4 20.Nxa4 bxa4 21.g4 h6 22.g5 hxg5
23.Rg1 Rc7 24.Rxg5 d5 25.Rh5 g6 26.Rg1 dxe4 27.fxg6 fxg6 28.Qe6+ Kg7 {#r} 1-0

[Event "3rd Ordu Open 2017"]
[Site "Ordu TUR"]
[Date "2017.04.09"]
[Round "9.7"]
[White "Miron,L"]
[Black "Tologontegin,S"]
[Result "1-0"]
[WhiteElo "2504"]
[BlackElo "2435"]

1.d4 Nf6 2.c4 c5 3.d5 e6 4.Nc3 exd5 5.cxd5 d6 6.e4 g6 7.f4 Bg7 8.Bb5+ Nfd7
9.Be2 Qh4+ 10.g3 Qd8 11.Nf3 O-O 12.O-O Na6 13.Kg2 Re8 14.f5 Nf6 15.fxg6 hxg6
16.Ng5 Nc7 17.a4 Rf8 18.h4 Nd7 19.h5 Bf6 20.Nf3 Ne5 21.Rh1 Nxf3 22.Bxf3 g5
23.Bg4 Qe7 24.Bd2 Re8 25.Qf3 Bxg4 26.Qxg4 Bxc3 27.Bxc3 Qxe4+ 28.Qxe4 Rxe4
29.h6 Kh7 30.Raf1 Re2+ 31.Kh3 Re7 32.Bf6 Rd7 33.Rf5 Rg8 34.Bxg5 f6 35.Bd2 Re8
36.Bc3 Rf7 37.g4 Re3+ 38.Kh4 Rd3 39.Kh5 Rxd5 40.Rf1 Re7 41.g5 Rxf5 42.Rxf5
fxg5 43.Rf8 Re8 44.Rf7+ {#r} 1-0

[Event "3rd Ordu Open 2017"]
[Site "Ordu TUR"]
[Date "2017.04.09"]
[Round "9.8"]
[White "Bajarani,U"]
[Black "Iyti,B"]
[Result "1-0"]
[WhiteElo "2480"]
[BlackElo "2310"]

1.d4 Nf6 2.c4 c6 3.Nf3 b5 4.cxb5 cxb5 5.e3 a6 6.Bd3 e6 7.O-O Be7 8.e4 d6 9.a3
Nbd7 10.Nc3 e5 11.Bc2 O-O 12.h3 Bb7 13.Be3 Rc8 14.Rc1 Re8 15.Re1 Bf8 16.Bb1 h6
17.Re2 exd4 18.Bxd4 Ne5 19.Re1 Nc6 20.Be3 Na5 21.e5 Bxf3 22.Qxf3 Rxe5 23.Bd4
Rxe1+ 24.Rxe1 Nc6 25.Bxf6 Qxf6 26.Qxf6 gxf6 27.Nd5 Kg7 28.Bf5 Rb8 29.Re4 Ne5
30.b3 Rb7 31.Re3 Be7 32.Rg3+ Kh8 33.Rc3 Kg7 34.Rc8 Ng6 35.Ra8 Bf8 36.Bc8 Re7
37.Nxe7 Nxe7 38.Bxa6 b4 39.axb4 {#r} 1-0

[Event "3rd Ordu Open 2017"]
[Site "Ordu TUR"]
[Date "2017.04.09"]
[Round "9.10"]
[White "Wieczorek,O"]
[Black "Zarinfam,A"]
[Result "1-0"]
[WhiteElo "2484"]
[BlackElo "2188"]

1.c4 Nf6 2.Nc3 g6 3.g3 Bg7 4.Bg2 O-O 5.e4 d6 6.Nge2 c5 7.O-O Nc6 8.d3 a6 9.h3
Rb8 10.a4 Ne8 11.Be3 Nc7 12.d4 cxd4 13.Nxd4 Ne6 14.Nde2 Bd7 15.Rb1 Na5 16.b3
b5 17.cxb5 axb5 18.axb5 Bxb5 19.Nxb5 Rxb5 20.b4 Nc6 21.Qa4 Qb8 22.Rfc1 Nc5
23.bxc5 Rxb1 24.Qxc6 Rxc1+ 25.Nxc1 dxc5 26.Qxc5 Rc8 27.Qxe7 Rc7 28.Qg5 h6
29.Qd5 Bf8 30.Nd3 Qb7 31.Qa2 Rc3 32.Nf4 Qb5 33.Bf1 Qc6 34.Nd5 Rc2 35.Qb3 {#r}
1-0

[Event "8th WLC Weekender 2017"]
[Site "Eindhoven NED"]
[Date "2017.04.09"]
[Round "5.2"]
[White "Van Meegen,R"]
[Black "Dgebuadze,A"]
[Result "0-1"]
[WhiteElo "2224"]
[BlackElo "2520"]

1.d4 Nf6 2.c4 e6 3.Nf3 Bb4+ 4.Nbd2 b6 5.g3 Bb7 6.Bg2 O-O 7.O-O a5 8.Qc2 Bxd2
9.Bxd2 Be4 10.Qc3 h6 11.Bf4 d6 12.Nd2 Bxg2 13.Kxg2 Nbd7 14.e4 e5 15.Be3 Ng4
16.d5 Qe7 17.f3 Nxe3+ 18.Qxe3 f5 19.exf5 Rxf5 20.Rf2 Raf8 21.Ne4 Qe8 22.Raf1
Qg6 23.b3 Ra8 24.Rc1 Rf7 25.a3 Nc5 26.b4 axb4 27.axb4 Nxe4 28.Qxe4 Qg5 29.Rcc2
Ra3 30.Ra2 Rfxf3 31.Qxf3 Rxf3 32.Kxf3 Qf5+ 33.Ke3 Qg4 34.Rfd2 Qxc4 35.Rac2
Qb3+ 36.Ke2 e4 37.Kd1 e3 38.Re2 Qxd5+ 39.Kc1 Qd3 {#R} 0-1

[Event "8th WLC Weekender 2017"]
[Site "Eindhoven NED"]
[Date "2017.04.09"]
[Round "5.5"]
[White "Coenen,E"]
[Black "Goossens,H"]
[Result "0-1"]
[WhiteElo "2112"]
[BlackElo "2138"]

1.d4 f5 2.Bf4 Nf6 3.e3 e6 4.h3 Ne4 5.Bd3 Bd6 6.Bxe4 fxe4 7.Bxd6 cxd6 8.Qg4 Qb6
9.b3 Qa5+ 10.Nd2 O-O 11.Qxe4 b6 12.Nf3 d5 13.Qd3 Ba6 14.c4 dxc4 15.bxc4 b5
16.c5 Nc6 17.Qc2 b4 18.Nb3 Qd8 19.h4 Qf6 20.Ng5 g6 21.f4 Rae8 22.O-O-O Ne7
23.h5 h6 24.Ne4 Qf5 25.g4 Qxg4 26.hxg6 Nf5 27.Nf2 Qf3 28.Rh3 Qg2 29.Rdh1 Nxe3
30.Qe4 Qxe4 31.Nxe4 Nf5 32.Kd2 Kg7 33.Nd6 Nxd6 34.cxd6 Rxf4 35.Rxh6 Rf2+
36.Kc1 Bb5 37.Rh7+ Kxg6 38.Nc5 Rf1+ 39.Rxf1 Kxh7 40.Nxd7 Rc8+ 41.Kd2 Bxf1
42.Nc5 Bc4 43.Ke3 Bxa2 44.Ke4 Bd5+ 45.Ke5 b3 46.d7 Rd8 47.Kd6 b2 {#R} 0-1

[Event "8th WLC Weekender 2017"]
[Site "Eindhoven NED"]
[Date "2017.04.09"]
[Round "6.3"]
[White "Van Dooren,D"]
[Black "Tang,Charlie"]
[Result "1-0"]
[WhiteElo "2338"]
[BlackElo "2041"]

1.f4 d5 2.Nf3 g6 3.g3 Bg7 4.Bg2 Nf6 5.O-O O-O 6.d3 c5 7.c3 Nc6 8.Na3 d4 9.e4
dxe3 10.Bxe3 Bf5 11.Ne1 Bg4 12.Qd2 Nd7 13.Qf2 Rc8 14.Bxc5 Nxc5 15.Qxc5 Qd7
16.Qf2 e5 17.fxe5 Bxe5 18.Nc4 Bg7 19.Ne3 Bh3 20.Bxh3 Qxh3 21.Nf3 Bh6 22.Rae1
Rce8 23.Nc4 f5 24.Rxe8 Rxe8 25.Re1 {#r} 1-0

[Event "8th WLC Weekender 2017"]
[Site "Eindhoven NED"]
[Date "2017.04.09"]
[Round "6.6"]
[White "Barbe,T"]
[Black "Van Meegen,R"]
[Result "0-1"]
[WhiteElo "2066"]
[BlackElo "2224"]

1.d4 Nf6 2.c4 c5 3.d5 b5 4.cxb5 a6 5.f3 e6 6.e4 exd5 7.e5 Qe7 8.Qe2 Ng8 9.Nc3
Bb7 10.Nh3 c4 11.Nf4 Qc5 12.Nfxd5 Bxd5 13.Be3 Qb4 14.a3 Qa5 15.Bd2 Be6 16.Nd5
Qd8 17.Qxc4 Ra7 18.Rc1 Bxd5 19.Qxd5 axb5 20.Bxb5 Ne7 21.Qe4 Nec6 22.a4 Be7
23.O-O O-O 24.f4 Re8 25.Bd3 g6 26.f5 d5 27.Qe3 Nxe5 28.fxg6 hxg6 29.Bb5 Rd7
30.Qf4 Bd6 31.Qh6 Ng4 32.Qh3 Qb6+ 33.Kh1 Nf2+ 34.Rxf2 Qxf2 35.Bc3 d4 36.Bxd7
Nxd7 37.Qxd7 Re2 38.Rg1 dxc3 39.Qxd6 Re1 40.Qd8+ Kh7 {#R} 0-1

[Event "10th Montalvo Mem 2017"]
[Site "Las Palmas ESP"]
[Date "2017.04.09"]
[Round "3.9"]
[White "Perez Perez,Gabriel"]
[Black "Debray,C"]
[Result "0-1"]
[WhiteElo "1899"]
[BlackElo "2328"]

1.e4 c5 2.Nf3 d6 3.Bb5+ Nd7 4.Bxd7+ Bxd7 5.O-O e5 6.c3 Nf6 7.Re1 Bg4 8.d3 Be7
9.Nbd2 O-O 10.Nf1 Ne8 11.h3 Be6 12.d4 Qc7 13.Ng3 g6 14.Bh6 Ng7 15.Qd2 Rac8
16.b3 f6 17.Rad1 a5 18.dxe5 dxe5 19.c4 b5 20.Qc2 bxc4 21.bxc4 Rfd8 22.Bxg7
Kxg7 23.Nf1 Qb7 24.Ne3 Rb8 25.Rxd8 Bxd8 26.Nd2 Qb2 27.Rc1 a4 28.Kf1 Ba5 29.Ke2
Qa3 30.Nb1 Qb4 31.Nd2 Qa3 32.Nb1 Qb2 33.Nd2 f5 34.f3 Qd4 35.Qd3 Rb2 36.Rc2
Rxc2 37.Qxd4 exd4 38.Nxc2 Bxd2 39.Kxd2 Bxc4 40.a3 fxe4 41.fxe4 Kf6 42.Ne1 Bf1
43.h4 h6 44.Kd1 Ke5 45.Nf3+ {#R} 0-1

[Event "13th 4NCL Congress 2017"]
[Site "Wakefield ENG"]
[Date "2017.04.09"]
[Round "4.1"]
[White "Willow,Jonah B"]
[Black "Sowray,P"]
[Result "0-1"]
[WhiteElo "1993"]
[BlackElo "2301"]

1.e4 c5 2.Nf3 e6 3.d4 cxd4 4.Nxd4 a6 5.Nc3 Qc7 6.g3 Bb4 7.Ne2 Nf6 8.Bg2 d6
9.O-O Bc5 10.a3 Nbd7 11.Nf4 O-O 12.g4 Ne5 13.g5 Nfd7 14.Qh5 b5 15.Kh1 Bb7
16.Nfe2 f5 17.Nf4 Rae8 18.exf5 Bxg2+ 19.Nxg2 exf5 20.Be3 Nb6 21.Rad1 Qc6
22.Ne2 Nbc4 23.Nd4 Qa8 24.b3 Nxe3 25.fxe3 g6 26.Qe2 Ng4 27.Rf3 Re4 28.h3 Nxe3
29.Rxe3 Rxd4 30.Rxd4 Bxd4 31.Re7 Be5 32.Qf2 Qe4 33.Qh4 Qxh4 34.Nxh4 Rc8 35.Ra7
Rxc2 36.Ra8+ Kf7 37.Ra7+ Ke6 38.Nf3 Rf2 39.Nxe5 Kxe5 40.Rxh7 Kf4 41.Rc7 Kg3
42.Kg1 f4 {#R} 0-1